Los estudios de recepción activa y los medios de comunicación interacción e influencia /

Saved in:
Format: Book Chapter
Language:Spanish
Online Access:Para solicitar el texto accesible haga click aquí (sólo para personas con discapacidad)
LEADER 01061naa a22002054a 4500
003 AR-BeUNQ
005 20251205122017.0
007 ta
008 251205s2017 cu 000 0 spa d
999 |c 39861  |d 123661 
040 |a AR-BeUNQ  |b spa  |c AR-BeUNQ  |e aacr 
245 1 1 |a Los estudios de recepción activa y los medios de comunicación  |h [recurso electrónico] :  |b interacción e influencia /  |c Mariam Cueto Groero. 
256 |a Datos electrónicos (1 archivo doc) 
300 |a recurso electrónico 
500 |a Material digital editado con un formato accesible para uso exclusivo de personas con discapacidad. 
538 |a Requerimientos del material: Procesador de textos y un lector de pantalla. 
594 |a Gómez, Patricia  |b ENFERMERÍA  |c EPIDEMIOLOGÍA  |d 2025 
773 |t Revista Científica, Cultura, Comunicación y Desarrollo.  |d Cuba : Universidad de Cienfuegos, 2017  |g Vol. 2, no.2 (2017), p. 5-13 
856 |z Para solicitar el texto accesible haga click aquí (sólo para personas con discapacidad)  |u https://biblio.unq.edu.ar/consulte/index.php?a=add 
942 |c TA